000 00827nam a22002657i 4500
003 DO-SdBNP
005 20240305132925.0
007 ta
008 210906b2001 ||||| |||| 00| 0 spa d
020 _a9993485802
040 _aDO-SdBNP
_bspa
_cBNPHU
_erda
082 4 _aCu863.44
_bF363p
_222
100 1 _aFernández, Pablo Armando,
_d1930-
_eautor
_923418
245 1 0 _aOtro golpe de dados /
_cPablo Armando Fernández
264 _aSanto Domingo :
_bCarieva,
_c2001.
300 _a377 páginas ;
_c19 cm
336 _2rdacontent
_atexto
_btxt
337 _2rdamedia
_asin mediación
_bn
338 _2rdacarrier
_avolumen
_bnc
590 _aInventariado, 2021 / DG
650 4 _aNovela historica cubana
_95841
650 4 _aLiteratura cubana
_91483
910 _aD/G. Validado. Control de calidad MFF
942 _2ddc
_cLBS1
999 _c50420
_d50420